Capitals of the Countries that border Russia - Statistics

General Stats
  • This quiz has been taken 45 times
  • The average score is 11 of 14
Answer Stats
Country Capital % Correct
Ukraine Kyiv
93%
China Beijing
85%
Norway Oslo
85%
Latvia Riga
85%
Poland Warsaw
85%
Finland Helsinki
81%
Belarus Minsk
81%
North Korea Pyongyang
81%
Azerbaijan Baku
78%
Lithuania Vilnius
78%
Kazakhstan Astana
74%
Estonia Talinn
74%
Georgia Tbilisi
74%
Mongolia Ulaanbaatar
70%
No matching quizzes found
Score Distribution
Percent of People with Each Score
Percentile by Number Answered
Your Score History
You have not taken this quiz